Comparison of chlorofluorocarbon age-dating with particle-tracking results of a regional ground-water flow model of the Portland Basin, Oregon and Washington / (Record no. 14579)

000 -LEADER
fixed length control field 01118cam a22002418a 4500
020 ## - INTERNATIONAL STANDARD BOOK NUMBER
ISBN 0607870435
040 ## - CATALOGING SOURCE
Transcribing agency DLC
082 00 - DEWEY DECIMAL CLASSIFICATION NUMBER
Classification number 551 FOR 1997 A059 Or.
100 1# - MAIN ENTRY--AUTHOR NAME
Personal name Hinkle, Stephen R.
245 10 - TITLE STATEMENT
Title Comparison of chlorofluorocarbon age-dating with particle-tracking results of a regional ground-water flow model of the Portland Basin, Oregon and Washington /
246 2# - VARYING FORM OF TITLE
Title proper/short title Comparison of chlorofluorocarbon age dating with particle-tracking results of a regional ground-water flow model of the Portland Basin, Oregon and Washington
260 ## - PUBLICATION, DISTRIBUTION, ETC. (IMPRINT)
Place of publication Denver, Colo. :
Name of publisher U.S. Dept. of the Interior, U.S. Geological Survey :
-- For sale by Branch of Information Services [distributor],
Year of publication [1997]
300 ## - PHYSICAL DESCRIPTION
Number of Pages v, 47 p. :
Other physical details ill., maps (some col.) ;
Dimensions 28 cm.
490 1# - SERIES STATEMENT
Series statement U.S. Geological Survey water-supply paper ;
500 ## - GENERAL NOTE
General note Shipping list no.: 97-0374-P.
650 #0 - SUBJECT ADDED ENTRY--TOPICAL TERM
Topical Term Groundwater flow
650 #0 - SUBJECT ADDED ENTRY--TOPICAL TERM
Topical Term Groundwater tracers
650 #0 - SUBJECT ADDED ENTRY--TOPICAL TERM
Topical Term Chlorofluorocarbons
700 1# - ADDED ENTRY--PERSONAL NAME
Personal name Snyder, Daniel T.
710 2# - ADDED ENTRY--CORPORATE NAME
Corporate name or jurisdiction name as entry element Intergovernmental Resource Center of Clark County (Wash.)
710 2# - ADDED ENTRY--CORPORATE NAME
Corporate name or jurisdiction name as entry element Geological Survey (U.S.)
942 ## - ADDED ENTRY ELEMENTS (KOHA)
Koha item type សៀវភៅភាសាអង់គ្លេស

No items available.

មជ្ឈមណ្ឌលឯការនៃសាកលវិទ្យាល័យភូមិន្ទកសិកម្មចំការដូង

Powered by Koha